English County | Country |
Berkshire | USA (3,509) | | 94.9% | Bristol | USA (1,354) | | 94.9% | Buckinghamshire | USA (3,068) | | 94.9% | Cambridgeshire | USA (8,214) | | 94.9% | Cheshire | USA (1,518) | | 94.9% | Cornwall | USA (1,079) | | 94.9% | Cumbria | USA (720) | | 94.9% | Devon | USA (2,062) | | 94.9% | Dorset | USA (1,609) | | 94.9% | Durham | USA (1,018) | | 94.9% | East Riding of Yorkshire | USA (486) | | 94.9% | East Sussex | USA (2,838) | | 94.9% | Essex | USA (3,096) | | 94.9% | Gloucestershire | USA (2,337) | | 94.9% | Hampshire | USA (4,158) | | 94.9% | Herefordshire | USA (321) | | 94.9% | Hertfordshire | USA (3,500) | | 94.9% | Isle of Wight | USA (262) | | 94.9% | Kent | USA (3,833) | | 94.9% | Lancashire | USA (1,483) | | 94.9% | Leicestershire | USA (1,305) | | 94.9% | Lincolnshire | USA (1,230) | | 94.9% | Merseyside | USA (1,638) | | 94.9% | Norfolk | USA (4,070) | | 94.9% | North Yorkshire | USA (4,412) | | 94.9% | Northamptonshire | USA (2,130) | | 94.9% | Northumberland | USA (362) | | 94.9% | Oxfordshire | USA (5,713) | | 94.9% | Rutland | USA (139) | | 94.9% | Shropshire | USA (580) | | 94.9% | Somerset | USA (1,959) | | 94.9% | Suffolk | USA (10,806) | | 94.9% | Surrey | USA (6,867) | | 94.9% | Tyne and Wear | USA (1,253) | | 94.9% | Warwickshire | USA (1,129) | | 94.9% | West Sussex | USA (1,988) | | 94.9% | Wiltshire | USA (1,704) | | 94.9% | Worcestershire | USA (734) | | 94.9% | Berkshire | India (23,960) | | 92.1% | Bristol | India (3,809) | | 92.1% | Cambridgeshire | India (6,911) | | 92.1% | Cheshire | India (3,631) | | 92.1% | Cornwall | India (1,026) | | 92.1% | Derbyshire | India (7,477) | | 92.1% | Dorset | India (3,463) | | 92.1% | Durham | India (2,451) | | 92.1% | Essex | India (9,411) | | 92.1% | Gloucestershire | India (4,896) | | 92.1% | Greater London | India (262,247) | | 92.1% | Hampshire | India (12,325) | | 92.1% | Herefordshire | India (481) | | 92.1% | Hertfordshire | India (12,447) | | 92.1% | Isle of Wight | India (397) | | 92.1% | Kent | India (14,698) | | 92.1% | Leicestershire | India (45,632) | | 92.1% | Lincolnshire | India (2,959) | | 92.1% | Norfolk | India (3,121) | | 92.1% | Northamptonshire | India (5,848) | | 92.1% | Northumberland | India (628) | | 92.1% | Oxfordshire | India (5,004) | | 92.1% | Shropshire | India (2,103) | | 92.1% | Suffolk | India (3,259) | | 92.1% | Surrey | India (11,167) | | 92.1% | Warwickshire | India (6,869) | | 92.1% | West Midlands | India (83,186) | | 92.1% | West Sussex | India (6,323) | | 92.1% | Wiltshire | India (7,039) | | 92.1% | Worcestershire | India (2,166) | | 92.1% | Bedfordshire | Pakistan (14,393) | | 88.8% | Bedfordshire | Poland (13,743) | | 88.8% | Bedfordshire | Brazil (250) | | 88.8% | Berkshire | Poland (16,435) | | 88.8% | Berkshire | Brazil (777) | | 88.8% | Bristol | Poland (6,415) | | 88.8% | Bristol | Brazil (471) | | 88.8% | Buckinghamshire | Pakistan (10,698) | | 88.8% | Buckinghamshire | Poland (8,108) | | 88.8% | Buckinghamshire | Brazil (587) | | 88.8% | Cambridgeshire | Poland (15,054) | | 88.8% | Cambridgeshire | Brazil (704) | | 88.8% | Cheshire | Poland (8,138) | | 88.8% | Cheshire | Brazil (140) | | 88.8% | Cornwall | Brazil (85) | | 88.8% | Cumbria | Poland (2,868) | | 88.8% | Cumbria | Brazil (64) | | 88.8% | Derbyshire | Poland (6,368) | | 88.8% | Derbyshire | Brazil (100) | | 88.8% | Devon | Poland (6,854) | | 88.8% | Devon | Brazil (256) | | 88.8% | Dorset | Poland (7,410) | | 88.8% | Dorset | Brazil (1,017) | | 88.8% | Durham | Brazil (98) | | 88.8% | East Riding of Yorkshire | Poland (6,279) | | 88.8% | East Riding of Yorkshire | Brazil (146) | | 88.8% |
|
English County | Country |
East Sussex | Brazil (904) | | 88.8% | Essex | Nigeria (6,527) | | 88.8% | Essex | Brazil (641) | | 88.8% | Gloucestershire | Poland (5,818) | | 88.8% | Gloucestershire | Brazil (435) | | 88.8% | Greater London | Nigeria (114,718) | | 88.8% | Greater London | Poland (158,300) | | 88.8% | Greater London | Brazil (31,357) | | 88.8% | Greater Manchester | Nigeria (10,236) | | 88.8% | Greater Manchester | Pakistan (56,094) | | 88.8% | Greater Manchester | Brazil (832) | | 88.8% | Hampshire | Poland (17,281) | | 88.8% | Hampshire | Brazil (801) | | 88.8% | Herefordshire | Poland (2,958) | | 88.8% | Hertfordshire | Brazil (1,046) | | 88.8% | Isle of Wight | Brazil (34) | | 88.8% | Kent | Poland (12,088) | | 88.8% | Kent | Brazil (659) | | 88.8% | Lancashire | Pakistan (20,632) | | 88.8% | Lancashire | Poland (11,521) | | 88.8% | Lancashire | Brazil (173) | | 88.8% | Leicestershire | Poland (9,938) | | 88.8% | Leicestershire | Brazil (182) | | 88.8% | Lincolnshire | Poland (14,495) | | 88.8% | Lincolnshire | Brazil (430) | | 88.8% | Merseyside | Nigeria (2,342) | | 88.8% | Merseyside | Brazil (264) | | 88.8% | Norfolk | Brazil (456) | | 88.8% | Norfolk | Poland (6,091) | | 88.8% | North Yorkshire | Brazil (218) | | 88.8% | Northamptonshire | Poland (12,475) | | 88.8% | Northamptonshire | Brazil (169) | | 88.8% | Northumberland | Brazil (40) | | 88.8% | Nottinghamshire | Nigeria (2,356) | | 88.8% | Nottinghamshire | Pakistan (8,428) | | 88.8% | Nottinghamshire | Poland (13,851) | | 88.8% | Nottinghamshire | Brazil (273) | | 88.8% | Oxfordshire | Poland (7,484) | | 88.8% | Oxfordshire | Brazil (1,120) | | 88.8% | Rutland | Brazil (17) | | 88.8% | Shropshire | Poland (3,914) | | 88.8% | Shropshire | Brazil (64) | | 88.8% | Somerset | Poland (8,178) | | 88.8% | Somerset | Brazil (372) | | 88.8% | South Yorkshire | Pakistan (12,912) | | 88.8% | South Yorkshire | Poland (9,995) | | 88.8% | South Yorkshire | Brazil (184) | | 88.8% | Staffordshire | Pakistan (7,078) | | 88.8% | Staffordshire | Poland (6,849) | | 88.8% | Staffordshire | Brazil (129) | | 88.8% | Suffolk | Poland (6,106) | | 88.8% | Suffolk | Brazil (267) | | 88.8% | Surrey | Brazil (1,477) | | 88.8% | Tyne and Wear | Nigeria (2,039) | | 88.8% | Tyne and Wear | Poland (3,984) | | 88.8% | Tyne and Wear | Brazil (159) | | 88.8% | Warwickshire | Poland (5,935) | | 88.8% | Warwickshire | Brazil (186) | | 88.8% | West Midlands | Brazil (585) | | 88.8% | West Sussex | Poland (7,014) | | 88.8% | West Sussex | Brazil (652) | | 88.8% | West Yorkshire | Pakistan (72,082) | | 88.8% | West Yorkshire | Poland (21,968) | | 88.8% | West Yorkshire | Brazil (368) | | 88.8% | Wiltshire | Brazil (762) | | 88.8% | Worcestershire | Poland (5,718) | | 88.8% | Worcestershire | Brazil (102) | | 88.8% | Bedfordshire | Australia (729) | | 88.2% | Berkshire | Australia (2,109) | | 88.2% | Bristol | Australia (1,025) | | 88.2% | Buckinghamshire | Australia (1,754) | | 88.2% | Cambridgeshire | Australia (1,981) | | 88.2% | Cheshire | Australia (1,112) | | 88.2% | Cornwall | Australia (798) | | 88.2% | Cumbria | China (984) | | 88.2% | Cumbria | Australia (507) | | 88.2% | Derbyshire | Australia (777) | | 88.2% | Devon | China (4,039) | | 88.2% | Devon | Australia (1,554) | | 88.2% | Dorset | Australia (1,200) | | 88.2% | Durham | Australia (620) | | 88.2% | East Riding of Yorkshire | China (2,012) | | 88.2% | East Riding of Yorkshire | Australia (478) | | 88.2% | East Sussex | China (3,440) | | 88.2% | East Sussex | Australia (2,165) | | 88.2% | Essex | Australia (2,322) | | 88.2% | Gloucestershire | Australia (1,405) | | 88.2% | Greater London | Australia (53,959) | | 88.2% | Greater Manchester | Australia (2,545) | | 88.2% | Hampshire | Australia (3,170) | | 88.2% | Herefordshire | Australia (273) | | 88.2% | Hertfordshire | Australia (2,473) | | 88.2% | Isle of Wight | Australia (196) | | 88.2% | Kent | Australia (3,009) | | 88.2% |
|
English County | Country |
Lancashire | Australia (1,185) | | 88.2% | Leicestershire | Australia (806) | | 88.2% | Lincolnshire | Australia (791) | | 88.2% | Merseyside | China (7,531) | | 88.2% | Merseyside | Australia (1,016) | | 88.2% | Norfolk | Australia (987) | | 88.2% | North Yorkshire | China (4,866) | | 88.2% | North Yorkshire | Australia (1,189) | | 88.2% | Northamptonshire | Australia (754) | | 88.2% | Northumberland | Australia (284) | | 88.2% | Nottinghamshire | Australia (1,025) | | 88.2% | Oxfordshire | Australia (2,424) | | 88.2% | Rutland | China (123) | | 88.2% | Rutland | Australia (79) | | 88.2% | Shropshire | Australia (492) | | 88.2% | Somerset | China (3,323) | | 88.2% | Somerset | Australia (1,574) | | 88.2% | South Yorkshire | Australia (948) | | 88.2% | Staffordshire | Australia (684) | | 88.2% | Suffolk | Australia (903) | | 88.2% | Surrey | Australia (3,835) | | 88.2% | Tyne and Wear | China (6,816) | | 88.2% | Tyne and Wear | Australia (758) | | 88.2% | Warwickshire | Australia (758) | | 88.2% | West Midlands | Australia (1,554) | | 88.2% | West Sussex | Australia (1,580) | | 88.2% | West Yorkshire | Australia (1,886) | | 88.2% | Wiltshire | Australia (1,197) | | 88.2% | Worcestershire | Australia (561) | | 88.2% | Berkshire | South Africa (6,221) | | 87.6% | Buckinghamshire | South Africa (5,015) | | 87.6% | Cambridgeshire | South Africa (3,267) | | 87.6% | Cheshire | South Africa (1,960) | | 87.6% | Cornwall | South Africa (1,335) | | 87.6% | Cumbria | South Africa (876) | | 87.6% | Derbyshire | South Africa (1,168) | | 87.6% | Devon | South Africa (3,135) | | 87.6% | Dorset | South Africa (3,008) | | 87.6% | Durham | South Africa (1,255) | | 87.6% | East Riding of Yorkshire | South Africa (705) | | 87.6% | East Sussex | South Africa (3,431) | | 87.6% | Gloucestershire | South Africa (3,020) | | 87.6% | Hampshire | South Africa (8,746) | | 87.6% | Herefordshire | South Africa (526) | | 87.6% | Hertfordshire | South Africa (6,389) | | 87.6% | Isle of Wight | South Africa (393) | | 87.6% | Kent | South Africa (7,008) | | 87.6% | Lancashire | South Africa (2,048) | | 87.6% | Lincolnshire | South Africa (1,760) | | 87.6% | Norfolk | South Africa (2,013) | | 87.6% | North Yorkshire | South Africa (2,473) | | 87.6% | Northumberland | South Africa (404) | | 87.6% | Oxfordshire | South Africa (3,686) | | 87.6% | Rutland | South Africa (111) | | 87.6% | Shropshire | South Africa (937) | | 87.6% | Somerset | South Africa (2,722) | | 87.6% | Staffordshire | South Africa (1,296) | | 87.6% | Suffolk | South Africa (2,049) | | 87.6% | Surrey | South Africa (11,518) | | 87.6% | Warwickshire | South Africa (1,504) | | 87.6% | West Sussex | South Africa (4,078) | | 87.6% | Wiltshire | South Africa (2,576) | | 87.6% | Worcestershire | South Africa (1,181) | | 87.6% | Cornwall | Germany (2,327) | | 79.8% | Durham | Germany (3,894) | | 79.8% | Isle of Wight | Germany (664) | | 79.8% | North Yorkshire | Germany (7,475) | | 79.8% | Northumberland | Germany (1,146) | | 79.8% | Rutland | Germany (355) | | 79.8% | Wiltshire | Germany (7,546) | | 79.8% | Bedfordshire | Jamaica (2,877) | | 77.5% | Derbyshire | Jamaica (1,531) | | 77.5% | Greater London | Jamaica (87,467) | | 77.5% | Greater Manchester | Jamaica (5,884) | | 77.5% | Nottinghamshire | Jamaica (4,506) | | 77.5% | South Yorkshire | Jamaica (2,195) | | 77.5% | Staffordshire | Jamaica (1,034) | | 77.5% | West Midlands | Jamaica (26,184) | | 77.5% | West Yorkshire | Jamaica (3,631) | | 77.5% | East Sussex | Ireland (5,253) | | 76.4% | Essex | Ireland (11,566) | | 76.4% | Greater Manchester | Ireland (26,433) | | 76.4% | Hertfordshire | Ireland (12,557) | | 76.4% | Merseyside | Ireland (8,128) | | 76.4% | Surrey | Ireland (9,970) | | 76.4% | West Midlands | Ireland (29,167) | | 76.4% | Leicestershire | Kenya (10,213) | | 64% | Bristol | Somalia (4,947) | | 61.8% | West Midlands | Somalia (9,698) | | 61.8% | Bedfordshire | Zimbabwe (3,235) | | 60.7% | Northamptonshire | Zimbabwe (2,873) | | 60.7% | South Yorkshire | Zimbabwe (3,148) | | 60.7% | West Yorkshire | Zimbabwe (5,931) | | 60.7% | Herefordshire | Guyana (46) | | 47.2% |
|
Comments